| 000 | 00422nam a2200145Ia 4500 | ||
|---|---|---|---|
| 008 | 231129s2009||||xx |||||||||||||| ||spa|| | ||
| 020 | _a978-958-703-108-3 | ||
| 040 | _bspa | ||
| 082 | _aR 372.21 R898c | ||
| 100 | _aRubin Silvia | ||
| 245 | 0 | _aCómo trabajar con proyectos integradores en el preescolar | |
| 260 | _c2009 | ||
| 264 | _aEditora Cultural Internacional | ||
| 942 |
_2ddc _cBKS |
||
| 999 |
_c7702 _d7702 |
||